000 00506nam a2200169Ia 4500
003 IN-BaIIA
008 211028s9999 xx s 000 0 eng d
020 _a9780819480729 (Print)
020 _a9780819480736 (Online)
040 _cIIA Library
100 _aRichmond, Richard D.
_940872
245 0 _aDirect Detection LADAR Systems
_h[eBook]
260 _aWashington, USA
_bSPIE
_c2010
300 _aOnline resource
856 _uhttps://doi.org/10.1117/3.836466
_yClick Here to Access eBook
942 _cEB
999 _c22168
_d22168